banner-ar

PHASE TRANSFORMATIONS IN METALS AND ALLEYS SECOND EDITION / (Record no. 13931)

MARC details
000 -الفاتح
حقل البيانات ثابتة الطول 00502nam a2200181Ia 4500
008 - عناصر البيانات ثابتة الطول - معلومات عامة
حقل البيانات ثابتة الطول 140319s9999 xx 000 0 eng d
040 ## - مصدر الفهرسة
وكالة الفهرسة الأصلية GCL /
وكالة النسخ GCL
082 04 - رقم تصنيف ديوى العشرى
رقم التصنيف 536
رقم المادة 042
-- L P
100 1# - المدخل الرئيسى - إسم شخصى
الإسم الشخصى EAGLETON, TERRY
245 10 - بيان العنوان
العنوان PHASE TRANSFORMATIONS IN METALS AND ALLEYS SECOND EDITION /
بيان المسئوليه,etc EAGLETON, TERRY
700 1# - المدخل الاضافى - اسم شخصى
الإسم الشخصى LACKHART, CHARLES
650 04 - المدخل الاضافى بالموضوع-مصطلح موضوعى
مصطلح موضوعي METAL - TECHNIQUES
650 04 - المدخل الاضافى بالموضوع-مصطلح موضوعى
مصطلح موضوعي METALS
650 04 - المدخل الاضافى بالموضوع-مصطلح موضوعى
مصطلح موضوعي ALLOYS
942 ## - عناصر المدخل الإضافي( كوها)
مصدر التصنيف او مخطط الترفيف Dewey Decimal Classification
Koha [default] item type كتاب
260 ## - PUBLICATION, DISTRIBUTION, ETC. (IMPRINT)
-- [S.N] :
-- MACMILLAN PUBLISHING COMPANY
Holdings
حالة التراجع حالة الفقد حالة تلف ليس للاعارة المكان المؤقت الموقع الحالى تاريخ الاكتساب اجمالي اﻻعارات رقم الطلب الباركود تاريخ اخر مشاهدة تاريخ تفعيل السعر نوع وعاء كوها
        مكتبة القاهرة الكبرى مكتبة القاهرة الكبرى 03/26/2014   536\042\L P 26344 03/26/2014 03/26/2014 كتاب

Powered By

EGPV